Estadísticas para 25 ciudades más pobladas de Galicia

Haz click aquí para intentar la prueba.

Estadísticas generales

  • Esta prueba ha sido intentada 799 veces
  • La puntuación promedio es 13 de 25

Estadísticas de respuestas

Pob.MunicipioProvincia% Correcto
248 kLa CoruñaLa Coruña
100%
98.5 kLugoLugo
99%
106 kOrenseOrense
99%
297 kVigoPontevedra
99%
83.3 kPontevedraPontevedra
98%
97.8 kSantiago de CompostelaLa Coruña
97%
65.6 kFerrolLa Coruña
90%
37.6 kVillagarcía de ArosaPontevedra
68%
32.7 kArteijoLa Coruña
51%
26.6 kCangas de MorrazoPontevedra
45%
36.5 kOleirosLa Coruña
45%
31.4 kCarballoLa Coruña
40%
39.1 kNarónLa Coruña
40%
20.2 kLalínPontevedra
37%
26.8 kRibeiraLa Coruña
37%
24.2 kMarínPontevedra
33%
20.1 kPorriñoPontevedra
32%
29.2 kRedondelaPontevedra
32%
19.5 kMoañaPontevedra
29%
18.9 kBoiroLa Coruña
26%
30.7 kCulleredoLa Coruña
25%
20.4 kLa EstradaPontevedra
25%
32.1 kAmesLa Coruña
23%
22.9 kPuenteareasPontevedra
23%
24.6 kCambreLa Coruña
18%

Distribución de puntuación

Porcentaje por número respondido

Porcentaje de gente con cada puntuación

Historial de tus puntuaciones

No has intentado esta prueba.